[Event "Hastings Masters 2016/17"]
[Site "Hastings, England"]
[Date "2016.12.29"]
[Round "2.29"]
[White "Lyell, Mark"]
[Black "Boardman, Jeffrey"]
[Result "1-0"]
[WhiteElo "2203"]
[BlackElo "1984"]
[PlyCount "0"]
[EventDate "2016.12.28"]

1. e4 {[%clk 1:40:55]} e5 {[%clk 1:38:57]} 2. Nf3 {[%clk 1:40:58]} Nc6
{[%clk 1:38:57]} 3. Bc4 {[%clk 1:41:17]} Nf6 {[%clk 1:38:58]} 4. Ng5
{[%clk 1:41:38]} d5 {[%clk 1:38:34]} 5. exd5 {[%clk 1:42:00]} Na5
{[%clk 1:38:33]} 6. Bb5+ {[%clk 1:42:08]} c6 {[%clk 1:38:20]} 7. dxc6
{[%clk 1:42:30]} bxc6 {[%clk 1:38:33]} 8. Bd3 {[%clk 1:42:52]} Ng4
{[%clk 1:37:09]} 9. Ne4 {[%clk 1:34:35]} f5 {[%clk 1:36:27]} 10. Be2
{[%clk 1:34:44]} h5 {[%clk 1:34:59]} 11. h3 {[%clk 1:33:46]} fxe4
{[%clk 1:33:37]} 12. hxg4 {[%clk 1:34:06]} Bc5 {[%clk 1:32:02]} 13. b4
{[%clk 1:27:50]} Bxf2+ {[%clk 1:24:29]} 14. Kxf2 {[%clk 1:28:08]} Qd4+
{[%clk 1:16:42]} 15. Kg3 {[%clk 1:16:52]} O-O {[%clk 0:51:50]} 16. Rxh5
{[%clk 1:15:39]} g6 {[%clk 0:47:11]} 17. Rh3 {[%clk 1:06:56]} Nc4
{[%clk 0:35:08]} 18. Bxc4+ {[%clk 0:59:08]} Qxc4 {[%clk 0:35:32]} 19. Qh1
{[%clk 0:58:04]} Kf7 {[%clk 0:28:02]} 20. Rh7+ {[%clk 0:54:28]} Ke8
{[%clk 0:26:37]} 21. Qh4 {[%clk 0:54:17]} Rf7 {[%clk 0:24:45]} 22. Rh8+
{[%clk 0:54:20]} Rf8 {[%clk 0:25:13]} 23. Rxf8+ {[%clk 0:54:22]} Kxf8
{[%clk 0:25:42]} 24. Qf6+ {[%clk 0:54:01]} Ke8 {[%clk 0:24:53]} 25. Qxg6+
{[%clk 0:49:55]} Kd8 {[%clk 0:25:10]} 26. Qf6+ {[%clk 0:39:39]} Kc7
{[%clk 0:25:19]} 27. Qxe5+ {[%clk 0:37:54]} Kb7 {[%clk 0:25:25]} 28. Qe7+
{[%clk 0:37:21]} Ka6 {[%clk 0:25:11]} 29. Nc3 {[%clk 0:26:16]} Qg8
{[%clk 0:10:51]} 30. Qxe4 {[%clk 0:24:37]} Bd7 {[%clk 0:10:34]} 31. Qd3+
{[%clk 0:23:56]} Kb6 {[%clk 0:10:37]} 32. Qxd7 {[%clk 0:22:20]} Qb8+
{[%clk 0:11:01]} 33. Kf3 {[%clk 0:21:17]} Qf8+ {[%clk 0:08:23]} 34. Qf5
{[%clk 0:21:40]} Qg8 {[%clk 0:06:34]} 35. Na4+ {[%clk 0:21:33]} Kc7
{[%clk 0:06:44]} 36. d4 {[%clk 0:19:55]} Rf8 {[%clk 0:07:01]} 37. Bf4+
{[%clk 0:20:12]} Kd8 {[%clk 0:06:31]} 38. Qe5 {[%clk 0:20:05]} Qg6
{[%clk 0:04:45]} 39. Qc7+ 1-0

[Event "Hastings Masters 2016/17"]
[Site "Hastings, England"]
[Date "2016.12.29"]
[Round "2.30"]
[White "Norinkeviciute, Rasa"]
[Black "Scott, Gordon W"]
[Result "0-1"]
[WhiteElo "1994"]
[BlackElo "2198"]
[PlyCount "0"]
[EventDate "2016.12.28"]

1. c4 {[%clk 1:40:57]} Nf6 {[%clk 1:40:56]} 2. g3 {[%clk 1:41:06]} e6
{[%clk 1:41:21]} 3. Bg2 {[%clk 1:41:25]} d5 {[%clk 1:41:46]} 4. Nf3
{[%clk 1:41:11]} Be7 {[%clk 1:42:11]} 5. O-O {[%clk 1:40:21]} O-O
{[%clk 1:42:32]} 6. Qc2 {[%clk 1:38:32]} d4 {[%clk 1:40:07]} 7. d3
{[%clk 1:38:17]} c5 {[%clk 1:40:16]} 8. e3 {[%clk 1:33:26]} Nc6 {[%clk 1:29:04]}
9. exd4 {[%clk 1:32:30]} cxd4 {[%clk 1:29:24]} 10. a3 {[%clk 1:30:08]} a5
{[%clk 1:28:53]} 11. Re1 {[%clk 1:28:40]} Nd7 {[%clk 1:21:03]} 12. Bf4
{[%clk 1:24:45]} Nc5 {[%clk 1:11:21]} 13. h4 {[%clk 1:18:03]} f6 {[%clk 1:09:39]}
14. Bc1 {[%clk 1:15:32]} e5 {[%clk 1:09:05]} 15. Nfd2 {[%clk 1:14:45]} Bf5
{[%clk 1:04:13]} 16. Ne4 {[%clk 1:14:26]} Bxe4 {[%clk 0:56:41]} 17. Bxe4
{[%clk 1:14:38]} Nxe4 {[%clk 0:56:26]} 18. Rxe4 {[%clk 1:14:42]} f5
{[%clk 0:54:19]} 19. Re1 {[%clk 1:11:54]} f4 {[%clk 0:48:23]} 20. Qe2
{[%clk 1:05:49]} fxg3 {[%clk 0:41:38]} 21. fxg3 {[%clk 1:04:38]} Bxh4
{[%clk 0:41:29]} 22. Kg2 {[%clk 1:04:19]} Bg5 {[%clk 0:25:23]} 23. Nd2
{[%clk 1:03:07]} Bxd2 {[%clk 0:23:48]} 24. Bxd2 {[%clk 1:03:29]} Qf6
{[%clk 0:24:01]} 25. Rf1 {[%clk 0:58:52]} Qg6 {[%clk 0:20:15]} 26. Rh1
{[%clk 0:55:59]} Rae8 {[%clk 0:17:43]} 27. Rh4 {[%clk 0:53:40]} Rf5
{[%clk 0:13:34]} 28. Rg4 {[%clk 0:41:29]} Qf6 {[%clk 0:13:58]} 29. Rf1
{[%clk 0:40:52]} Rxf1 {[%clk 0:11:02]} 30. Qxf1 {[%clk 0:41:19]} Qxf1+
{[%clk 0:10:35]} 31. Kxf1 {[%clk 0:41:47]} a4 {[%clk 0:10:52]} 32. Re4
{[%clk 0:38:30]} Nb8 {[%clk 0:09:44]} 33. Bb4 {[%clk 0:37:44]} Nd7
{[%clk 0:10:05]} 34. Re1 {[%clk 0:36:31]} Nf6 {[%clk 0:09:17]} 35. Bc5
{[%clk 0:34:59]} Kf7 {[%clk 0:08:43]} 36. Kg2 {[%clk 0:34:01]} g5
{[%clk 0:05:25]} 37. Kf3 {[%clk 0:31:52]} h5 {[%clk 0:04:42]} 38. Kg2
{[%clk 0:24:45]} Kg6 {[%clk 0:04:32]} 39. b3 {[%clk 0:17:48]} e4 {[%clk 0:01:13]}
40. Bxd4 {[%clk 0:06:44]} exd3 {[%clk 0:01:15]} 41. Rd1 {[%clk 0:06:34]} Re2+
{[%clk 0:29:01]} 42. Kf1 {[%clk 0:53:59]} Ra2 {[%clk 0:29:00]} 43. Rxd3
{[%clk 0:27:38]} Rxa3 {[%clk 0:28:29]} 44. Re3 {[%clk 0:26:09]} Ng4
{[%clk 0:27:22]} 45. Re6+ {[%clk 0:26:09]} Kf5 {[%clk 0:26:33]} 46. Rd6
{[%clk 0:25:41]} Rxb3 {[%clk 0:25:50]} 47. Kg2 {[%clk 0:23:03]} Rd3
{[%clk 0:23:04]} 48. c5 {[%clk 0:22:16]} a3 {[%clk 0:22:32]} 0-1

[Event "Hastings Masters 2016/17"]
[Site "Hastings, England"]
[Date "2016.12.29"]
[Round "2.31"]
[White "Anderson, John"]
[Black "Wilson, Matthew R"]
[Result "1-0"]
[WhiteElo "2156"]
[BlackElo "1791"]
[PlyCount "0"]
[EventDate "2016.12.28"]

1. e4 {[%clk 1:40:56]} c5 {[%clk 1:40:51]} 2. Nf3 {[%clk 1:41:13]} e6
{[%clk 1:41:12]} 3. Nc3 {[%clk 1:41:07]} a6 {[%clk 1:41:34]} 4. d4
{[%clk 1:41:22]} cxd4 {[%clk 1:42:00]} 5. Nxd4 {[%clk 1:41:49]} Qc7
{[%clk 1:42:14]} 6. g3 {[%clk 1:41:56]} Bb4 {[%clk 1:41:40]} 7. Bd2
{[%clk 1:41:12]} Nf6 {[%clk 1:40:37]} 8. Bg2 {[%clk 1:41:32]} O-O
{[%clk 1:39:23]} 9. O-O {[%clk 1:41:33]} Nc6 {[%clk 1:37:46]} 10. Nb3
{[%clk 1:41:18]} h6 {[%clk 1:30:02]} 11. f4 {[%clk 1:38:45]} Be7 {[%clk 1:23:32]}
12. g4 {[%clk 1:25:55]} Nh7 {[%clk 1:16:12]} 13. Qe2 {[%clk 1:21:16]} d6
{[%clk 1:11:49]} 14. Rf3 {[%clk 1:12:05]} b5 {[%clk 1:08:13]} 15. a3
{[%clk 1:12:32]} Bb7 {[%clk 1:05:02]} 16. Rh3 {[%clk 1:12:18]} f6
{[%clk 1:02:31]} 17. Rg3 {[%clk 1:10:00]} b4 {[%clk 0:55:40]} 18. axb4
{[%clk 1:09:22]} Nxb4 {[%clk 0:55:52]} 19. Be3 {[%clk 0:53:27]} Nc6
{[%clk 0:42:55]} 20. h4 {[%clk 0:44:49]} Qd7 {[%clk 0:37:46]} 21. Rd1
{[%clk 0:43:12]} Qe8 {[%clk 0:36:18]} 22. f5 {[%clk 0:21:56]} e5 {[%clk 0:27:39]}
23. Qd2 {[%clk 0:20:39]} Nb4 {[%clk 0:22:45]} 24. Na5 {[%clk 0:19:45]} Qc8
{[%clk 0:21:53]} 25. Bf1 {[%clk 0:17:04]} Bxe4 {[%clk 0:11:13]} 26. Nxe4
{[%clk 0:17:06]} d5 {[%clk 0:11:38]} 27. c3 {[%clk 0:15:42]} dxe4
{[%clk 0:11:07]} 28. cxb4 {[%clk 0:16:08]} Rd8 {[%clk 0:11:06]} 29. Bc4+
{[%clk 0:14:54]} Kh8 {[%clk 0:11:07]} 30. Bd5 {[%clk 0:15:22]} Qc7
{[%clk 0:02:37]} 31. Nc6 {[%clk 0:15:10]} Rd6 {[%clk 0:02:18]} 32. Nxe7
{[%clk 0:15:18]} Qxe7 {[%clk 0:02:48]} 33. Bc5 {[%clk 0:15:19]} 1-0

[Event "Hastings Masters 2016/17"]
[Site "Hastings, England"]
[Date "2016.12.29"]
[Round "2.32"]
[White "Pickersgill, Adrian O"]
[Black "Kalavannan, Koby"]
[Result "0-1"]
[WhiteElo "1985"]
[BlackElo "2163"]
[PlyCount "0"]
[EventDate "2016.12.28"]

1. e4 {[%clk 1:40:52]} c5 {[%clk 1:40:53]} 2. Nc3 {[%clk 1:41:16]} Nc6
{[%clk 1:41:18]} 3. f4 {[%clk 1:41:25]} g6 {[%clk 1:41:43]} 4. Nf3
{[%clk 1:41:39]} Bg7 {[%clk 1:42:08]} 5. Bb5 {[%clk 1:41:46]} Nd4
{[%clk 1:42:30]} 6. O-O {[%clk 1:41:59]} a6 {[%clk 1:42:56]} 7. Bc4
{[%clk 1:41:57]} b5 {[%clk 1:43:17]} 8. Bd5 {[%clk 1:42:19]} Rb8 {[%clk 1:43:46]}
9. d3 {[%clk 1:42:30]} e6 {[%clk 1:44:09]} 10. Bb3 {[%clk 1:42:44]} Ne7
{[%clk 1:44:13]} 11. Nxd4 {[%clk 1:42:55]} Bxd4+ {[%clk 1:44:30]} 12. Kh1
{[%clk 1:43:10]} Bb7 {[%clk 1:44:39]} 13. Ne2 {[%clk 1:38:20]} Bg7
{[%clk 1:45:02]} 14. c3 {[%clk 1:35:50]} d5 {[%clk 1:42:12]} 15. Ng3
{[%clk 1:16:29]} h5 {[%clk 1:27:27]} 16. exd5 {[%clk 1:16:24]} Nxd5
{[%clk 1:20:35]} 17. Ne4 {[%clk 1:13:22]} Rc8 {[%clk 1:18:35]} 18. Qe2
{[%clk 1:12:03]} O-O {[%clk 1:09:07]} 19. Bd2 {[%clk 1:02:07]} Ne7
{[%clk 0:45:40]} 20. Ng5 {[%clk 0:45:02]} Qd6 {[%clk 0:43:26]} 21. Rae1
{[%clk 0:35:44]} Nf5 {[%clk 0:42:27]} 22. Nxf7 {[%clk 0:18:55]} Rxf7
{[%clk 0:40:33]} 23. Bxe6 {[%clk 0:19:15]} Rd8 {[%clk 0:36:39]} 24. Bxf7+
{[%clk 0:18:15]} Kxf7 {[%clk 0:34:50]} 25. Rf2 {[%clk 0:17:58]} Bf6
{[%clk 0:27:35]} 26. Rff1 {[%clk 0:14:21]} Nh4 {[%clk 0:22:01]} 27. Rg1
{[%clk 0:14:08]} Qxd3 {[%clk 0:20:06]} 28. Qe6+ {[%clk 0:11:22]} Kg7
{[%clk 0:20:26]} 29. Be3 {[%clk 0:04:52]} Qc2 {[%clk 0:17:25]} 30. Qh3
{[%clk 0:04:30]} Re8 {[%clk 0:15:56]} 31. Qd7+ {[%clk 0:02:01]} Re7
{[%clk 0:16:15]} 32. Qd2 {[%clk 0:02:03]} Nxg2 {[%clk 0:12:56]} 33. Rxg2
{[%clk 0:02:24]} Rxe3 {[%clk 0:13:12]} 34. Qd7+ {[%clk 0:01:51]} Kh6
{[%clk 0:12:55]} 0-1

[Event "Hastings Masters 2016/17"]
[Site "Horntye Park Sports Complex, B"]
[Date "2016.12.29"]
[Round "2.33"]
[White "Spanton, Tim R"]
[Black "Thogersen, Rasmus"]
[Result "0-1"]
[WhiteElo "1976"]
[BlackElo "2161"]
[PlyCount "64"]
[EventDate "2016.12.28"]

1. d4 Nf6 2. c4 g6 3. g3 Bg7 4. Bg2 O-O 5. Nc3 d6 6. e3 e5 7. Nge2 Nbd7 8. O-O
Re8 9. Qc2 c6 10. b3 Qc7 11. Ba3 a5 12. Rac1 exd4 13. exd4 Nf8 14. Qd2 Bf5 15.
Qf4 Ne6 16. Qd2 Rad8 17. h3 h5 18. Rfe1 Kh7 19. Rcd1 Bh6 20. Qb2 Ng5 21. Nf4
Qd7 22. Kh2 Nge4 23. Nd3 Ng5 24. Nf4 Nfe4 25. Nxe4 Bxe4 26. Bxe4 Nxe4 27. Qc2
Qf5 28. Qc1 Nxf2 29. Rd2 Bxf4 30. gxf4 Qxh3+ 31. Kg1 Qg3+ 32. Kf1 Nh3 0-1

[Event "Hastings Masters 2016/17"]
[Site "Hastings, England"]
[Date "2016.12.29"]
[Round "2.34"]
[White "Press, Harry"]
[Black "Byron, Alan M"]
[Result "1/2-1/2"]
[WhiteElo "1826"]
[BlackElo "2131"]
[PlyCount "0"]
[EventDate "2016.12.28"]

1. d4 Nf6 2. c4 g6 3. Nc3 Bg7 4. e4 d6 5. f3 O-O 6. Be3 e5 7. Nge2 Nc6 8. d5
Ne7 9. Qd2 Ne8 10. g4 f5 11. gxf5 gxf5 12. Bg5 f4 13. Rg1 Kh8 14. O-O-O a6 15.
Kb1 Bf6 16. Nc1 Bxg5 17. Rxg5 Nxd5 18. Rg1 Ne3 19. Re1 Nf6 20. Nd1 Nxd1 21.
Rxd1 Be6 22. Qc3 Qe7 23. Nd3 b6 24. Nf2 Rg8 25. Bh3 Rxg1 26. Rxg1 Rg8 27. Rxg8+
Kxg8 28. Bxe6+ Qxe6 29. b3 Nd7 30. Qd2 c6 31. Nd3 a5 32. Qg2+ Kf7 33. Qg5 Qf6
34. Qg4 Ke7 35. Kc2 Qg6 36. Qh4+ Ke8 37. Qf2 Kd8 38. Kd2 Kc7 39. Nb2 Nc5 40.
Na4 Nd7 41. Nc3 Qg8 42. Na4 Qe6 43. Qh4 Qg6 44. Qf2 Qg8 45. Kc2 Qg5 46. Kd2 h5
47. Ke2 Kb7 48. Qf1 Kc7 49. Qf2 Qd8 50. Qg2 Qe7 51. Qh3 Qf7 52. Qh4 Qg6 53. Qf2
Qg5 54. Kf1 Kb7 55. Ke2 Qd8 56. Qg1 Qh4 57. Qg2 Qf6 58. Qh3 Qf7 59. Qh4 Kc7 60.
Qf2 Qe7 61. Qg1 h4 62. Qg4 Qh7 63. Qg1 Qh6 64. Qg4 1/2-1/2

[Event "Hastings Masters 2016/17"]
[Site "Horntye Park Sports Complex, B"]
[Date "2016.12.29"]
[Round "2.35"]
[White "Flear, Christine"]
[Black "Larsen, Andreas"]
[Result "0-1"]
[WhiteElo "2125"]
[BlackElo "1976"]
[PlyCount "74"]
[EventDate "2016.12.28"]

1. Nf3 Nf6 2. g3 g6 3. Bg2 Bg7 4. O-O O-O 5. d4 d5 6. c4 Nc6 7. cxd5 Qxd5 8.
Ne5 Qa5 9. Bxc6 bxc6 10. Nxc6 Qh5 11. Nxe7+ Kh8 12. Nxc8 Ng4 13. h4 Raxc8 14.
f3 Nf6 15. e4 h6 16. Kg2 Rcd8 17. Nc3 Nh7 18. Be3 Qa5 19. d5 c6 20. Bd4 Nf6 21.
Qc1 Kh7 22. Qf4 Nh5 23. Qe3 Qb4 24. Bxg7 Nxg7 25. Rf2 f5 26. dxc6 f4 27. gxf4
Nh5 28. Qxa7+ Kg8 29. Ne2 Qxb2 30. Rh1 Rd2 31. Qa6 Nxf4+ 32. Nxf4 Rxf2+ 33. Kg3
Qe2 34. Qc4+ Kh7 35. Qd3 Qxd3 36. Nxd3 R2xf3+ 37. Kg2 Rxd3 0-1

[Event "Hastings Masters 2016/17"]
[Site "Hastings, England"]
[Date "2016.12.29"]
[Round "2.36"]
[White "Vangsgaard, Freja"]
[Black "Spice, Alan P"]
[Result "0-1"]
[WhiteElo "1975"]
[BlackElo "2081"]
[PlyCount "0"]
[EventDate "2016.12.28"]

1. d4 d5 2. c4 e5 3. dxe5 d4 4. Nf3 Nc6 5. a3 Be6 6. b3 Qd7 7. e3 dxe3 8. Qxd7+
Bxd7 9. Bxe3 O-O-O 10. Be2 Re8 11. O-O Nxe5 12. Nxe5 Rxe5 13. Bf3 a6 14. Nc3
Nf6 15. h3 Bc5 16. Bxc5 Rxc5 17. Nd5 Be6 18. Nxf6 gxf6 19. Kh2 a5 20. Rfd1 a4
21. bxa4 Rxc4 22. Rab1 c6 23. Rb4 Kc7 24. Rdb1 Rxb4 25. axb4 Rd8 26. Rd1 Rxd1
27. Bxd1 Kd6 28. Bc2 f5 29. Bd3 Ke5 30. b5 c5 31. a5 Kd4 32. b6 Bd5 33. a6 bxa6
34. Bxa6 c4 35. Bc8 f4 36. Bf5 h6 37. g3 Kc5 38. gxf4 Kxb6 39. Kg1 Kc5 40. Kf1
Kd4 41. Ke2 Be4 42. Bd7 c3 43. Ba4 Bd3+ 44. Kd1 Ke4 45. Ke1 Kxf4 46. Bd1 f5 47.
h4 Ke4 48. Bh5 f4 49. Kd1 Kd4 50. Kc1 Be4 51. Be2 Bc6 52. Kc2 Ba4+ 53. Kc1 Ke4
54. Kb1 Bb3 55. Kc1 Kd4 56. Bg4 Kd3 57. Bf3 Ba4 58. Bh5 Bc6 59. Kd1 c2+ 60. Kc1
Be4 61. f3 Bf5 62. Be8 Ke3 63. Bc6 Bg6 64. Bd5 Bh5 65. Kxc2 Bxf3 66. Be6 Kf2
67. Kd2 Kg3 68. Ke1 Kxh4 69. Kf2 Bg4 70. Bd5 Kg5 71. Bc6 h5 72. Bd5 h4 73. Bg2
h3 74. Bf1 Kh4 75. Bd3 f3 0-1

[Event "Hastings Masters 2016/17"]
[Site "Hastings, England"]
[Date "2016.12.29"]
[Round "2.37"]
[White "Forster, Matthew"]
[Black "Sugden, John N"]
[Result "1/2-1/2"]
[WhiteElo "1813"]
[BlackElo "2071"]
[PlyCount "0"]
[EventDate "2016.12.28"]

1. c4 g6 2. g3 Bg7 3. Bg2 e5 4. Nc3 d6 5. d3 f5 6. e3 Nf6 7. Nge2 O-O 8. O-O
Nc6 9. Rb1 Be6 10. b3 Rb8 11. Bb2 Ne7 12. Ba3 g5 13. f4 gxf4 14. exf4 Re8 15.
Qd2 Ng6 16. Rbe1 c6 17. h3 Bh6 18. d4 exf4 19. Nxf4 Nxf4 20. gxf4 d5 21. cxd5
Bxd5 22. Nxd5 cxd5 23. Rxe8+ Qxe8 24. Bd6 Rd8 25. Be5 Ne4 26. Qa5 a6 27. Qb6
Bf8 28. Qxb7 Qb5 29. Qxb5 axb5 30. a4 bxa4 31. bxa4 Ra8 32. Ra1 Bb4 33. Bxe4
fxe4 34. Kf2 Kf7 35. Ke3 Ke6 36. Ra2 Ra6 37. Ke2 Ra8 38. Kf2 Kf5 39. Bc7 Ra7
40. Be5 Ra8 41. Ke3 Ra7 42. h4 Ra6 43. Bc7 Rc6 44. Bd8 Rc3+ 45. Ke2 Rh3 46. Kf1
Rd3 47. a5 Rxd4 48. Bb6 Rd1+ 49. Kf2 Bxa5 50. Bxa5 Kxf4 51. Ke2 1/2-1/2

[Event "Hastings Masters 2016/17"]
[Site "Horntye Park Sports Complex, B"]
[Date "2016.12.29"]
[Round "2.38"]
[White "Howell, Oliver W"]
[Black "Willson, Ollie"]
[Result "0-1"]
[WhiteElo "1575"]
[BlackElo "2060"]
[PlyCount "92"]
[EventDate "2016.12.28"]

1. e4 c5 2. Nf3 d6 3. d3 Nc6 4. g3 g6 5. Bg2 Bg7 6. O-O e6 7. Nc3 Nge7 8. Ne2
Qb6 9. c3 O-O 10. Qc2 d5 11. Rd1 Rd8 12. d4 dxe4 13. Qxe4 cxd4 14. Nexd4 e5 15.
Bg5 Re8 16. Nxc6 Nxc6 17. Qe2 Bf5 18. Nh4 Be6 19. Bd5 Qc7 20. Bxe6 Rxe6 21. Rd2
h6 22. Be3 Rd8 23. Rad1 Red6 24. Nf3 R8d7 25. Bc5 Rxd2 26. Rxd2 b6 27. Be3 e4
28. Nd4 Ne5 29. Bf4 Qb7 30. Qb5 Qd5 31. Qxd5 Rxd5 32. c4 Nxc4 33. Nb3 Nxd2 34.
Nxd2 g5 35. Be3 Bxb2 36. Nb3 f5 37. Kf1 Kf7 38. h4 Kf6 39. Ke2 Be5 40. f4 exf3+
41. Kxf3 Rd3 42. Ke2 Rc3 43. Nd4 Ra3 44. Nf3 Rxa2+ 45. Kf1 Bxg3 46. Bd4+ Kg6
0-1

[Event "Hastings Masters 2016/17"]
[Site "Horntye Park Sports Complex, B"]
[Date "2016.12.29"]
[Round "2.39"]
[White "Krueger, Norbert"]
[Black "Miller, Dominic"]
[Result "0-1"]
[WhiteElo "2046"]
[BlackElo "1954"]
[PlyCount "106"]
[EventDate "2016.12.28"]

1. e4 e6 2. d4 d5 3. Bd3 c5 4. Nf3 Nc6 5. c3 cxd4 6. cxd4 dxe4 7. Bxe4 Nf6 8.
Bc2 Be7 9. O-O O-O 10. a3 b6 11. Nc3 Bb7 12. Qd3 Nb8 13. b4 Nbd7 14. Bf4 Rc8
15. Rac1 g6 16. Nb5 Nd5 17. Bh6 a6 18. Bxf8 Bxf8 19. Ba4 axb5 20. Bxb5 N7f6 21.
g3 Bh6 22. Rxc8 Qxc8 23. Ne5 Nc3 24. Bc4 Nce4 25. f4 Nd6 26. Bb3 Ba6 27. Qc2
Qxc2 28. Bxc2 Bxf1 29. Kxf1 Nd5 30. Bd3 Nf5 31. Bxf5 gxf5 32. Ke2 Bg7 33. Nc6
Kf8 34. Kd3 b5 35. Na5 Ke7 36. Nb3 Nb6 37. Na1 Kd6 38. Nc2 Nc4 39. Kc3 Kd5 40.
Kd3 Nb2+ 41. Kc3 Nd1+ 42. Kd3 Nf2+ 43. Kc3 Ke4 44. a4 bxa4 45. b5 Bf8 46. Nb4
a3 47. Nc2 Ng4 48. h3 Ne3 49. Na1 Nf1 50. b6 Nxg3 51. b7 Bd6 52. Nb3 Ne2+ 53.
Kc4 a2 0-1

[Event "Hastings Masters 2016/17"]
[Site "Horntye Park Sports Complex, B"]
[Date "2016.12.29"]
[Round "2.40"]
[White "Kalaiyalahan, Akshaya"]
[Black "Warnke, Klaus"]
[Result "1-0"]
[WhiteElo "2160"]
[BlackElo "1695"]
[PlyCount "97"]
[EventDate "2016.12.28"]

1. d4 Nf6 2. c4 g6 3. g3 Bg7 4. Bg2 c6 5. e4 d6 6. Nc3 O-O 7. Nf3 Nbd7 8. O-O
c5 9. b3 cxd4 10. Nxd4 Nc5 11. Bb2 Bg4 12. f3 Bd7 13. Kh1 Qc8 14. g4 Ne6 15.
Nxe6 Bxe6 16. h3 Qc5 17. f4 Rab8 18. Rc1 Bd7 19. Qd2 Bc6 20. Nd5 Bxd5 21. cxd5
Qb5 22. Bd4 a6 23. Rfe1 Rbc8 24. Rcd1 Rfd8 25. Bf1 Qd7 26. Bb6 Re8 27. e5 dxe5
28. fxe5 Nxg4 29. hxg4 Qxg4 30. Qe2 Qf5 31. Qf2 Qg4 32. Qg2 Qh5+ 33. Qh2 Qf5
34. Bh3 Qf3+ 35. Bg2 Qc3 36. Bd4 Qc2 37. Be4 Qc7 38. Bf3 Qa5 39. Qf2 f5 40.
exf6 exf6 41. Rxe8+ Rxe8 42. Bb6 Qb5 43. d6 Qd7 44. Qg2 Re5 45. Bg4 f5 46. Bf3
Rb5 47. Bc7 Rb4 48. Bd5+ Kf8 49. Bc4 1-0

[Event "Hastings Masters 2016/17"]
[Site "Horntye Park Sports Complex, B"]
[Date "2016.12.29"]
[Round "2.41"]
[White "Healey, Michael W"]
[Black "Reher, Wolfgang"]
[Result "1/2-1/2"]
[WhiteElo "2173"]
[BlackElo "1832"]
[PlyCount "92"]
[EventDate "2016.12.28"]

1. e4 e6 2. d4 b6 3. Nf3 Bb7 4. Bd3 Nf6 5. Qe2 Be7 6. Nbd2 O-O 7. Nf1 d6 8. h4
Nbd7 9. e5 dxe5 10. dxe5 Nd5 11. Bd2 f5 12. exf6 Rxf6 13. O-O-O Nc5 14. Bg5
Rxf3 15. Qxf3 Bxg5+ 16. hxg5 Qxg5+ 17. Nd2 Nf6 18. Qe3 Qxe3 19. fxe3 Nxd3+ 20.
cxd3 Bxg2 21. Rh4 Bb7 22. e4 Rd8 23. Kc2 c5 24. a4 g6 25. b3 h5 26. Rf4 Kg7 27.
Rdf1 Rf8 28. Nf3 Bc8 29. Kd2 Ng4 30. Rxf8 Kxf8 31. Ne5+ Kg7 32. Nxg4 hxg4 33.
a5 e5 34. a6 Be6 35. Rb1 Kf6 36. b4 cxb4 37. Rxb4 Bc8 38. Ra4 Kg5 39. Ke3 Kh4
40. d4 exd4+ 41. Rxd4 Bxa6 42. e5 Kg5 43. Ra4 Bc8 44. Rxa7 Kf5 45. Rc7 Be6 46.
Rb7 Kxe5 1/2-1/2

[Event "Hastings Masters 2016/17"]
[Site "Horntye Park Sports Complex, B"]
[Date "2016.12.29"]
[Round "2.42"]
[White "Roggensack, Hans Peter"]
[Black "Dennis, Nigel W"]
[Result "1-0"]
[WhiteElo "2055"]
[BlackElo "1818"]
[PlyCount "67"]
[EventDate "2016.12.28"]

1. e4 c5 2. Nf3 e6 3. c4 Nc6 4. Nc3 g6 5. d4 cxd4 6. Nxd4 a6 7. Be2 Bg7 8. Be3
Nge7 9. Qd2 O-O 10. O-O Nxd4 11. Bxd4 Bxd4 12. Qxd4 Nc6 13. Qd6 Qb6 14. Rab1
Qd4 15. Rfd1 Qxd6 16. Rxd6 Rd8 17. Na4 Kf8 18. Nb6 Rb8 19. b4 Ke7 20. c5 e5 21.
Bd3 f6 22. a3 h5 23. Bc4 Nd4 24. Nd5+ Kf8 25. Rxf6+ Kg7 26. Rd6 b5 27. cxb6 Bb7
28. a4 Rbc8 29. Nc7 Bxe4 30. Re1 Nf5 31. Rd2 d5 32. Bxa6 Rb8 33. Ne6+ Kf6 34.
Nxd8 1-0

[Event "Hastings Masters 2016/17"]
[Site "Hastings, England"]
[Date "2016.12.29"]
[Round "2.43"]
[White "Kearsley, Raymond J"]
[Black "White, Stuart A"]
[Result "0-1"]
[WhiteElo "1718"]
[BlackElo "1999"]
[PlyCount "0"]
[EventDate "2016.12.28"]

1. e4 e6 2. d4 d5 3. Nc3 Bb4 4. e5 c5 5. a3 Bxc3+ 6. bxc3 Qa5 7. Bd2 Qa4 8. Nf3
b6 9. Be3 Ba6 10. Bxa6 Nxa6 11. O-O Ne7 12. Nd2 O-O 13. Qe2 Rac8 14. Nb3 cxd4
15. cxd4 Qc4 16. Qxc4 Rxc4 17. Rfc1 Rfc8 18. Ra2 Nf5 19. Kf1 Nxe3+ 20. fxe3 Rc3
21. Nd2 Rxe3 22. Kf2 Rec3 23. Ke2 Nb8 24. Nb1 R3c4 25. Ke3 Nc6 26. Rd1 Na5 27.
Rd2 f6 28. exf6 gxf6 29. c3 Kg7 30. Rab2 R4c7 0-1

[Event "Hastings Masters 2016/17"]
[Site "Hastings, England"]
[Date "2016.12.29"]
[Round "2.44"]
[White "Gunn, Michael J"]
[Black "Batchelor, Paul A"]
[Result "0-1"]
[WhiteElo "1671"]
[BlackElo "1965"]
[PlyCount "0"]
[EventDate "2016.12.28"]

1. e4 c5 2. c3 d5 3. exd5 Qxd5 4. d4 g6 5. Nf3 Bg7 6. c4 Qe4+ 7. Be2 cxd4 8.
O-O Nc6 9. Bd3 Qg4 10. Re1 Qd7 11. Bf4 e6 12. Nbd2 Nge7 13. Ne4 O-O 14. Nc5 Qd8
15. Qe2 Qb6 16. Na4 Qa5 17. b3 f6 18. Bd2 Qd8 19. Rad1 e5 20. Nc5 b6 21. Nxe5
fxe5 22. Ne4 Bf5 23. c5 Bxe4 24. Qxe4 bxc5 25. Bc4+ Kh8 26. Bb5 Nb4 27. a3 Nbd5
28. Bc4 Qd6 29. Bg5 Nc3 0-1

[Event "Hastings Masters 2016/17"]
[Site "Horntye Park Sports Complex, B"]
[Date "2016.12.29"]
[Round "2.45"]
[White "Sikkel, Dirk"]
[Black "Macrae, James S"]
[Result "1-0"]
[WhiteElo "1956"]
[BlackElo "1642"]
[PlyCount "113"]
[EventDate "2016.12.28"]

1. e4 e5 2. Nf3 d6 3. d4 exd4 4. Nxd4 Nf6 5. Nc3 Be7 6. Bc4 O-O 7. Bb3 Bd7 8.
O-O Nc6 9. Nxc6 Bxc6 10. Re1 Re8 11. Qf3 Qd7 12. h3 a5 13. a4 b6 14. Bf4 Rad8
15. Rad1 Qc8 16. Bh2 Bd7 17. e5 dxe5 18. Bxe5 c6 19. Ne4 Be6 20. Nxf6+ Bxf6 21.
Bxf6 Rxd1 22. Rxd1 gxf6 23. Qxf6 Bxb3 24. cxb3 Qc7 25. g3 Qc8 26. Kh2 Qe6 27.
Qxe6 Rxe6 28. Rd8+ Kg7 29. Rb8 c5 30. Kg2 Rc6 31. f4 c4 32. bxc4 Rxc4 33. Rxb6
Rxa4 34. Kf3 Ra2 35. g4 a4 36. g5 a3 37. bxa3 Rxa3+ 38. Kg4 Ra1 39. f5 Ra8 40.
h4 Rc8 41. f6+ Kg8 42. Rb7 Ra8 43. Kf4 Rc8 44. Ke5 Rd8 45. Rb4 Kf8 46. Rd4 Re8+
47. Kd6 Rd8+ 48. Kc5 Rc8+ 49. Kb6 Kg8 50. Kb7 Rf8 51. Kc7 h6 52. Rd8 hxg5 53.
Rxf8+ Kxf8 54. hxg5 Kg8 55. Kd7 Kh7 56. Ke7 Kg6 57. Kf8 1-0

[Event "Hastings Masters 2016/17"]
[Site "Horntye Park Sports Complex, B"]
[Date "2016.12.29"]
[Round "2.46"]
[White "Young, Mel J"]
[Black "Dean, Michael J"]
[Result "1/2-1/2"]
[WhiteElo "1892"]
[BlackElo "1515"]
[PlyCount "52"]
[EventDate "2016.12.28"]

1. e4 e5 2. Nc3 Nf6 3. f4 exf4 4. d4 Bb4 5. Bd3 O-O 6. Nf3 d5 7. e5 Ne4 8. Bd2
Bg4 9. Nxe4 dxe4 10. Bxe4 Bxd2+ 11. Qxd2 Bxf3 12. Bxf3 Qh4+ 13. g3 fxg3 14.
O-O-O Nc6 15. hxg3 Qe7 16. Be4 f5 17. Bd5+ Kh8 18. Rh4 Rad8 19. Bxc6 bxc6 20.
Rdh1 h6 21. Rxh6+ gxh6 22. Qxh6+ Kg8 23. Qh8+ Kf7 24. Rh7+ Kg6 25. Rh6+ Kf7 26.
Rh7+ Kg6 1/2-1/2

[Event "Hastings Masters 2016/17"]
[Site "Hastings, England"]
[Date "2016.12.29"]
[Round "2.47"]
[White "Witt, Holger"]
[Black "Ruane, Brendan J"]
[Result "1-0"]
[WhiteElo "1628"]
[BlackElo "1867"]
[PlyCount "0"]
[EventDate "2016.12.28"]

1. c4 b6 2. Nc3 e6 3. Nf3 Bb7 4. d4 f5 5. Bg5 Be7 6. h4 Nf6 7. e3 O-O 8. Bxf6
Rxf6 9. Ng5 Rh6 10. f4 c5 11. d5 e5 12. Qc2 e4 13. Be2 Rf6 14. g4 g6 15. O-O-O
h6 16. Nh3 d6 17. Rdg1 Kf8 18. h5 Bc8 19. g5 hxg5 20. Nxg5 Ke8 21. Nh7 Rf7 22.
hxg6 Rg7 23. Ng5 1-0